Sports Quiz

Random Sports or MLB Quiz

MLB Strikeout Kings (1980s) Quiz Stats

 Plays Quiz not verified by Sporcle

Challenge
Share
Tweet
Embed
Score 0/130 Timer 14:00
0 Plays Today
Team Player % Correct
Houston AstrosNolan Ryan
97.4%
Boston Red SoxRoger Clemens
96.4%
New York MetsDwight Gooden
94.7%
Philadelphia PhilliesSteve Carlton
92.4%
Detroit TigersJack Morris
91.9%
Kansas City RoyalsBret Saberhagen
89.3%
Oakland AthleticsDave Stewart
89.2%
Atlanta BravesPhil Niekro
88.9%
Houston AstrosJoe Niekro
88.9%
Los Angeles DodgersFernando Valenzuela
88.9%
New York YankeesRon Guidry
87.9%
Toronto Blue JaysDave Stieb
86.9%
Houston AstrosMike Scott
86.2%
Atlanta BravesZane Smith
83.6%
Chicago CubsLee Smith
83.6%
Montreal ExposBryn Smith
83.6%
Minnesota TwinsFrank Viola
83.3%
Los Angeles DodgersBob Welch
82.5%
Los Angeles DodgersOrel Hershiser
82%
Baltimore OriolesDennis Martinez
81.5%
New York MetsRon Darling
81%
Seattle MarinersMark Langston
81%
New York YankeesTommy John
80.9%
Chicago CubsRick Sutcliffe
80.7%
Cleveland IndiansRick Sutcliffe
80.7%
Cleveland IndiansBert Blyleven
80.6%
Minnesota TwinsBert Blyleven
80.6%
Chicago White SoxTom Seaver
79.6%
New York MetsSid Fernandez
79.6%
Boston Red SoxDennis Eckersley
76.6%
Chicago CubsDennis Eckersley
76.6%
Montreal ExposSteve Rogers
74%
Cincinnati RedsMario Soto
73.3%
St. Louis CardinalsJohn Tudor
72.9%
Milwaukee BrewersTeddy Higuera
72.2%
Texas RangersCharlie Hough
71.3%
California AngelsMike Witt
70.6%
Texas RangersBobby Witt
70.6%
Baltimore OriolesMike Boddicker
70%
Chicago White SoxLaMarr Hoyt
69.6%
New York MetsDavid Cone
69.5%
St. Louis CardinalsJoaquin Andujar
68.9%
Baltimore OriolesMike Flanagan
68.2%
Boston Red SoxBruce Hurst
68%
Team Player % Correct
Baltimore OriolesStorm Davis
67.9%
Minnesota TwinsRon Davis
67.9%
San Francisco GiantsMark Davis
67.9%
Toronto Blue JaysJimmy Key
66.5%
Cincinnati RedsTom Browning
66%
New York YankeesDave Righetti
65.8%
Detroit TigersFrank Tanana
65.6%
Texas RangersFrank Tanana
65.6%
Seattle MarinersMike Moore
65%
Chicago CubsGreg Maddux
64.6%
Kansas City RoyalsMark Gubicza
63.2%
Boston Red SoxOil Can Boyd
61.5%
San Diego PadresEric Show
60.3%
New York YankeesRich Gossage
59.8%
Baltimore OriolesScott McGregor
56.3%
California AngelsChuck Finley
55.9%
Detroit TigersDan Petry
55.8%
St. Louis CardinalsBob Forsch
55.6%
Pittsburgh PiratesRick Rhoden
55.5%
Kansas City RoyalsDennis Leonard
54.9%
Pittsburgh PiratesJohn Candelaria
53.8%
Los Angeles DodgersJerry Reuss
51.4%
Atlanta BravesRick Mahler
50.9%
Oakland AthleticsMike Norris
50.2%
San Diego PadresDave Dravecky
50.1%
Toronto Blue JaysJim Clancy
48.8%
Montreal ExposCharlie Lea
48.6%
Cleveland IndiansLen Barker
48.5%
San Francisco GiantsMike Krukow
48.5%
Chicago White SoxRichard Dotson
47.1%
Chicago White SoxFloyd Bannister
46.2%
Seattle MarinersFloyd Bannister
46.2%
Atlanta BravesSteve Bedrosian
45.5%
Kansas City RoyalsCharlie Leibrandt
45.5%
Boston Red SoxBob Stanley
45.1%
San Diego PadresEd Whitson
44.1%
New York MetsJesse Orosco
43.2%
San Francisco GiantsVida Blue
43.2%
Cleveland IndiansTom Candiotti
43.1%
Houston AstrosBob Knepper
42.7%
Chicago CubsScott Sanderson
42.4%
Montreal ExposScott Sanderson
42.4%
Montreal ExposBill Gullickson
42.1%
Toronto Blue JaysTom Henke
41.2%
Team Player % Correct
Kansas City RoyalsBuddy Black
39.9%
Oakland AthleticsCurt Young
38.8%
Seattle MarinersMatt Young
38.8%
Oakland AthleticsSteve McCatty
38.1%
San Francisco GiantsAtlee Hammaker
38.1%
Pittsburgh PiratesDon Robinson
35.9%
San Diego PadresAndy Hawkins
35.7%
Chicago White SoxBritt Burns
33.7%
Milwaukee BrewersMoose Haas
30.5%
Milwaukee BrewersChris Bosio
29.5%
Cleveland IndiansGreg Swindell
28.7%
Oakland AthleticsRick Langford
28.5%
St. Louis CardinalsDanny Cox
28.2%
Detroit TigersWalt Terrell
28.1%
San Francisco GiantsScott Garrelts
27.7%
Philadelphia PhilliesShane Rawley
27.1%
Pittsburgh PiratesJose DeLeon
27%
St. Louis CardinalsJose DeLeon
27%
Philadelphia PhilliesKevin Gross
26.7%
Los Angeles DodgersAlejandro Pena
26.5%
Detroit TigersMilt Wilcox
26.4%
Texas RangersJose Guzman
26.4%
California AngelsKirk McCaskill
26.1%
Houston AstrosJim Deshaies
23.3%
California AngelsGeoff Zahn
22.8%
Atlanta BravesGene Garber
22.7%
New York YankeesDennis Rasmussen
22.3%
Texas RangersDanny Darwin
21.8%
Milwaukee BrewersJuan Nieves
21.5%
Philadelphia PhilliesCharles Hudson
21.1%
Pittsburgh PiratesLarry McWilliams
20.3%
San Diego PadresTim Lollar
15.3%
Cincinnati RedsFrank Pastore
15.1%
Toronto Blue JaysLuis Leal
14.7%
Minnesota TwinsMike Smithson
14.6%
Cincinnati RedsBruce Berenyi
13.7%
California AngelsBruce Kison
13.6%
Philadelphia PhilliesDon Carman
13%
Seattle MarinersJim Beattie
11%
Minnesota TwinsJuan Berenguer
8.7%
Cincinnati RedsJoe Price
8.4%
Milwaukee BrewersBob McClure
7.4%

You're not logged in!

Compare scores with friends on all Sporcle quizzes.
OR
Log In

You Might Also Like...

Show Comments

Extras

Top Quizzes Today


Score Distribution

Your Account Isn't Verified!

In order to create a playlist on Sporcle, you need to verify the email address you used during registration. Go to your Sporcle Settings to finish the process.

Report this User

Report this user for behavior that violates our Community Guidelines.

Details: